L'amore che riapre la storia (Record n. 359142)

Dettagli MARC
000 -LEADER
campo di controllo lung. fissa 00909nam a22002057a 4500
003 - Identificatore del numero di controllo
campo di controllo IT-MiCISF
005 - Data e orario dell'ultima transazione
campo di controllo 20210118164548.0
008 - Elementi di lunghezza fissa--Informazione generale
campo di controllo lung. fissa 210118b ||||| |||| 00| 0 eng d
040 ## - Fonte della catalogazione
Agenzia che fa la trascrizione IT-MiCISF
041 ## - Codice di lingua
Codice di lingua del testo/traccia sonora o titolo separato it
100 ## - Accesso principale -- nome di persona
Nome di persona Pontificio Istituto Teologico "Giovanni Paolo II per le scienze del matrimonio e della famiglia"
9 (RLIN) 58761
245 ## - Formulazione del titolo
Titolo L'amore che riapre la storia
Complemento del titolo Teologia e antropologia della famiglia nell'orizzonte del Magistero di Papa Francesco
260 ## - Pubblicazione, distribuzione, ecc. (stampa)
Luogo di pubblicazione, distribuzione, ecc. Roma
Nome dell'editore, distributore, ecc. Avvenire
Data di pubblicazione, distribuzione, ecc. 2020
300 ## - Descrizione fisica
Estensione p. 55
500 ## - Nota generale
Nota generale famiglia, teologia, antropologia, donna, paterntià, spiritualità-familiare
650 ## - Accesso aggiunto di soggetto--termine topico
Termine topico o nome geografico come accesso pastorale-familiare
9 (RLIN) 56039
654 ## - Accesso aggiunto di soggetto--termini topici faccettati
Termine principale documento
700 ## - Accesso aggiunto--nome di persona
Nome di persona Paglia V.
-- Sequeri P.
-- Guenzi P.D.
-- Ciucci A.
-- Quinzi G.
-- Chiodi M.
-- Grazioli O.R.
-- Rosito V.
-- Rizzoli M.
-- Diriart A.
-- Salmeri G.
-- Donatello V.
-- Marengo G.
-- Prandini R.
-- Valentini N.
9 (RLIN) 58762
942 ## - Dati aggiuntivi (Koha)
Fonte della classificazione o dello schema di collocazione (segnatura) Dewey Decimal Classification
Tipo copia default (Koha) DOCUMENTI
Dati di copia
Ritirato (status) Perso (status) Fonte della classificazione o dello schema di collocazione (segnatura) Danneggiato (status) Non per il presito Biblioteca proprietaria Biblioteca in cui si trova Data d'acquisizione Totale prestiti Collocazione Data ultima operazione Prezzo in vigore dal Tipo copia default (Koha)
    Dewey Decimal Classification Buone Condizioni Not For Loan CISF - Milano CISF - Milano 18/01/2021   dp5/25 18/01/2021 18/01/2021 DOCUMENTI
CREDITS: SOCIETA' SAN PAOLO Via A.Severo, 58 - ROMA (RM) & PERIODICI SAN PAOLO SRL Via Giotto, 36 MILANO & CISF Via Giotto, 36 MILANO & EDIZIONI SAN PAOLO SRL,  Piazza Soncino, 5 CINISELLO BALSAMO (MI) -- ITALY